000 01859cam a22003134a 4500
005 20260322212054.0
008 data
010 _a 2007028195
020 _a9780802863249 (pbk. : alk. paper)
020 _a0802863248 (pbk. : alk. paper)
040 _aDLC
_cDLC
_dDLC
_dBAKER
_dYDXCP
_dC#P
_dBWX
_dDLC
050 0 0 _aHV9471
_b.L64 2008
100 1 _aLogan, James Samuel.
245 1 0 _aGood punishment? :
_bChristian moral practice and U.S. imprisonment /
_cJames Samuel Logan.
260 _aGrand Rapids, Mich. :
_bWilliam B. Eerdmans Pub.,
_c2008.
300 _ax, 261 p. ;
_c23 cm.
504 _aIncludes bibliographical references and index.
505 0 _aIntroduction: The problem of imprisonment in the United States-- Re/producing criminality and the prison-industrial complex --The collateral social consequences of large-scale imprisonment --Prisons and social alienation -- Mining Stanley Hauerwas : foundations for a Christian social ethics of good punishment --Good punishment : the possibility of a politics of healing memories in the public square -- Good punishment : toward a politics of ontological intimacy.
650 0 _aImprisonment
_zUnited States.
650 0 _aPrisons
_zUnited States.
650 0 _aPunishment
_zUnited States.
650 0 _aPunishment
_xChristianity.
_xChristianity.
650 0 _aChristian ethics.
856 4 1 _3Table of contents only
_uhttp://www.loc.gov/catdir/toc/fy0805/2007028195.html
906 _a7
_bcbc
_corignew
_d1
_eecip
_f20
_gy-gencatlg
925 0 _aacquire
_b2 shelf copies
_xpolicy default
955 _dsf09 2007-07-19
_esf15 2007-07-20 to Dewey
_fsc30 2008-02-08 Z-CipVer (rev sc19)
_gsc30 2008-3-3 to BCCD
001 data
999 _c1292
_d1292